02860nam a2200277 a 4500001001500000008004100015020001800056040001400074041001200088050001600100100003200116245015100148260005400299300006200353504005700415505058200472520115801054650002902212650003202241650003102273700003502304942000802339952011602347952010402463999001502567Rebiun19435318990625s2016 us 000 0 eng d a9780692769447 aUNAVcTBS aEnglish aHF5415.12651 aJantsch, Johneauthor9524510aSEO for Growth b: the ultimate guide for marketers, web designers and entrepreneurs c/ John Jantsch and Phil Singleton ; foreword by Brian Clark a[Kansas City, MO] : Duct Tape Publishing, [2016]. axvi, 221 pages : illustrations (black and white) ; 23 cm. aIncludes bibliographical references (pages 209-218). a1. Defining SEO growth — 2. The search engine economy — 3. The Google algorithm today — 4. The inbound marketing super-weapon — 5. Why 99% of new websites fail — 6. The strategic advantage — 7. It all starts with keywords — 8. Building stronger website SEO — 9. Link building today — 10. Managing reputation and reviews — 11. Social media SEO integration — 12. SEO awareness and updating — 13. Adwords and paying-per-click — 14. Google analytics and search console 165 — 15. Feeding your optimized website — 16. In-house SEO vs. SEO professionals. aSearch Engine Optimization, also known as SEO, is how people search and find your website on the Internet. SEO is a key growth channel for your business, but the rules of SEO have changed dramatically in recent years. To grow your business in today’s economy, you need a strong online presence. But what does that entail exactly? Marketing is no longer about mass-market advertising and outbound sales; it’s about capturing demand — grabbing the attention of people already looking to make a purchase or acquire specific knowledge. To do that, your content needs to be at the top of Internet search results. Many businesses and marketers toss up a brochure-style website, do a little social media and blog posting (if any), and think they’re "doing SEO" — but that’s not what it takes to get those coveted first page Google rankings. No longer just another tactic, search engine optimization has become a full-blown channel on par with PR and advertising — one you can’t afford to ignore. From website designers to business owners, marketers to entrepreneurs, everyone can benefit from understanding and applying SEO best practices. 0aWeb search engines97488 0aWeb sitesxMarketing923357 0aWeb site development974871 aSingleton, Phileauthor921619 2lcc 00102lcc40708CTaTBSbTBSd2019-05-10l1oHF5415.1265 JANpB01796r2026-01-14s2025-06-11t1w2023-03-05y1 00102lcc40708CTaTBSbTBSd2025-10-06l0oHF5415.1265 JANpB07651r2025-10-06t2w2025-10-06y1 c1915d1915